E32(徳島道・高知道)のIC - Statistics

General Stats
  • This quiz has been taken 32 times
  • The average score is 16 of 21
Answer Stats
徳島道 % Correct
JCT 徳島
100%
IC 徳島
100%
IC/JCT 高知
100%
SA/SIC 吉野川
95%
JCT 川之江東
95%
JCT 川之江
95%
JCT 川之江東
95%
IC 南国
91%
SA 南国
91%
IC 大豊
86%
IC 美馬
73%
IC 新宮
73%
IC 藍住
68%
PA 阿波
68%
PA 池田
68%
SA 上板
64%
IC 土成
59%
PA 馬立
59%
PA 立川
59%
IC 井川池田
50%
IC 脇町
45%
No matching quizzes found
Score Distribution
Percent of People with Each Score
Percentile by Number Answered
Your Score History
You have not taken this quiz